Automatická výmena informácií v oblasti daní – pohroma pre finančné inštitúcie alebo spása pre verejné financie?
FATCA (Foreign Account Tax Compliance Act) je právny predpis prijatý v USA v marci 2010, ktorý má zabrániť americkým daňovým poplatníkom páchať daňové úniky schovávaním prostriedkov v neamerických finančných inštitúciách. Tento predpis je účinný od júla 2014. Prijatiu FATCA predchádzali odhady, že a...
Salvato in:
| Autore principale: | |
|---|---|
| Natura: | Capitolo di libro |
| Lingua: | slovacco |
| Soggetti: | |
| Tags: |
Nessun Tag, puoi essere il primo ad aggiungerne!!
|
MARC
| LEADER | 00000naa a2200000 4500 | ||
|---|---|---|---|
| 001 | 0200356 | ||
| 005 | 20221019164601.0 | ||
| 041 | 0 | |a slo | |
| 044 | |a SK | ||
| 245 | 1 | 0 | |a Automatická výmena informácií v oblasti daní – pohroma pre finančné inštitúcie alebo spása pre verejné financie? |c Milan Kubinec |
| 520 | |a FATCA (Foreign Account Tax Compliance Act) je právny predpis prijatý v USA v marci 2010, ktorý má zabrániť americkým daňovým poplatníkom páchať daňové úniky schovávaním prostriedkov v neamerických finančných inštitúciách. Tento predpis je účinný od júla 2014. Prijatiu FATCA predchádzali odhady, že americké daňové subjekty zatajujú vo svojich daňových priznaniach prostriedky uložené v neamerických finančných inštitúciách. Každý americký občan (aj keď žije, pracuje alebo podniká mimo USA) musí hlásiť americkému daňovému úradu svoje finančné aktíva v neamerických bankách a finančných inštitúciách, ak ich výška v priebehu roka prekročí hranicu 10 000 USD. Táto povinnosť je známa ako „FBAR“ (Report of Foreign Bank and Financial Accounts). | ||
| 610 | 2 | 0 | |a spoločnosti finančné |
| 610 | 2 | 0 | |a únik daňový |
| 610 | 2 | 0 | |a informácie účtovné |
| 610 | 2 | 0 | |a regulácia finančná |
| 610 | 2 | 0 | |a USA |
| 610 | 2 | 0 | |a financie verejné |
| 610 | 2 | 0 | |a zdaňovanie |
| 100 | 1 | |a Kubinec, Milan | |